000 00534nam a2200193Ia 4500
005 20250508153047.0
008 008 250505s9999 xx 000 0 eng d
037 _aTextual
040 _aFEDL
_beng
_cFEDL
041 _aeng
_2eng
084 _a338.54, BIL
_qFEDL
100 _aBilgram Hugo
_9126371
245 0 _aCause of business depressions
260 _aBombay, India
_bLibertarian Book House
_c1950
300 _axvi,531p.
650 _aEconomics
942 _cTEXL
_h338.54, BIL
999 _c1340454
_d1340454